000 01066nas a2200325 4500
001 BR7502876
003 BR-BrBNA
005 20231205082824.0
007 ta
008 230509b bl.|||p| |||| 00| 00por d
040 _aBR-BrBNA
_bpor
_cBiblioteca Nacional de Agricultura
041 _a(Pt)
072 _aF25; H20
100 1 _aNakamura, K.
100 1 _aNishimura, A.M.
100 1 _aFerreira, M.E.
100 1 _aBanzatto, D.A.
100 1 _aKronka, S.N.
245 1 _aEfeito de diferentes niveis de N, P e K adicionados ao solo sobre a murcha de fusarium do algodoeiro (Gossypium hirsutum L.)causada por Fusarium oxysporum F. Vasinfectum (ATK)Snyder e Hansen [Nitrogenio, Fosforo, Potassio]
650 _aFERTILIDADE DO SOLO
650 _aDOENCA DE PLANTA
650 _aALGODAO
650 _aMURCHA DE FUSARIUM
650 _aNITROGENIO
650 _aFOSFORO
650 _aPOTASSIO
773 0 _tCientifica (Brazil)
_xISSN 0100-0039
_g(1975), v. 3(1) p. 174-186
_wBR7502876
909 _a202311
_bLúcia
_c55
_dLúcia Elande
942 _2AGRIS
_n0
_cANA
999 _c94445
_d94445